| 000 | 00788cam a2200253 4500 | ||
|---|---|---|---|
| 001 | 21966 | ||
| 003 | BD-RjUL | ||
| 005 | 20211209000742.0 | ||
| 008 | 140306s1971 nyua 000 0 spa | ||
| 035 | _a(BD-RjUL)22031 | ||
| 040 |
_aDLC _cDLC _dDLC _dBD-RjUL _beng |
||
| 041 | 0 | _aspaeng | |
| 082 | 0 | 0 |
_a860.8 _bPAR 1971 |
| 100 | 1 |
_aPattison, Walter Thomas, _d1903- _967838 |
|
| 245 | 1 | 0 |
_aRepresentative Spanish authors / _cWalter T. Pattison and Donald W. Bleznick. _nVOLUME TWO |
| 250 | _a3d ed. | ||
| 260 |
_aNew York : _bOxford University Press, _c1971. |
||
| 300 |
_aviii, 490 p. : _billus. ; _c25 cm. |
||
| 650 | 0 |
_aSpanish literature. _967839 |
|
| 700 | 1 |
_aBleznick, Donald William, _d1924- _ejoint ed. _967840 |
|
| 942 |
_2ddc _cBK |
||
| 999 |
_c21966 _d21966 |
||